000720533 001__ 720533 000720533 005__ 20260119101227.0 000720533 0247_ $$2HBZ$$aHT019605109 000720533 0247_ $$2Laufende Nummer$$a36863 000720533 037__ $$aRWTH-2018-222778 000720533 041__ $$aGerman 000720533 082__ $$a330 000720533 1001_ $$0P:(DE-588)1153506734$$aRöger, Martin$$b0$$urwth 000720533 245__ $$aVerkaufsförderung mit Zweitplatzierungen : Eine Untersuchung des Konsumentenverhaltens bei verwendungszweckorientierten Zweitplatzierungen$$cvorgelegt von Martin Röger$$hprint 000720533 260__ $$aAachen$$c2017 000720533 300__ $$aXV, 129 Seiten : Illustrationen 000720533 3367_ $$2DataCite$$aOutput Types/Dissertation 000720533 3367_ $$2ORCID$$aDISSERTATION 000720533 3367_ $$2BibTeX$$aPHDTHESIS 000720533 3367_ $$02$$2EndNote$$aThesis 000720533 3367_ $$0PUB:(DE-HGF)11$$2PUB:(DE-HGF)$$aDissertation / PhD Thesis$$bphd$$mphd 000720533 3367_ $$2DRIVER$$adoctoralThesis 000720533 502__ $$aDissertation, Rheinisch-Westfälische Technische Hochschule Aachen, 2017$$bDissertation$$cRheinisch-Westfälische Technische Hochschule Aachen$$d2017$$gFak08$$o2017-12-06 000720533 5203_ $$aonline nicht verfügbar$$lger 000720533 520__ $$leng 000720533 588__ $$aDataset connected to Lobid/HBZ 000720533 591__ $$aGermany 000720533 7001_ $$0P:(DE-82)IDM00912$$aWentzel, Daniel$$b1$$eThesis advisor$$urwth 000720533 7001_ $$0P:(DE-82)155550$$aSchroiff, Hans-Willi$$b2$$eThesis advisor 000720533 909CO $$ooai:publications.rwth-aachen.de:720533$$pVDB 000720533 9141_ $$y2017 000720533 9101_ $$0I:(DE-588b)36225-6$$6P:(DE-588)1153506734$$aRWTH Aachen$$b0$$kRWTH 000720533 9101_ $$0I:(DE-588b)36225-6$$6P:(DE-82)IDM00912$$aRWTH Aachen$$b1$$kRWTH 000720533 9101_ $$0I:(DE-588b)36225-6$$6P:(DE-82)155550$$aRWTH Aachen$$b2$$kRWTH 000720533 9201_ $$0I:(DE-82)812310_20140620$$k812310$$lLehrstuhl für Marketing$$x0 000720533 961__ $$c2018-03-14T08:56:13.095992$$x2018-03-14T08:56:13.095992$$z2018-03-14T08:56:13.095992 000720533 980__ $$aphd 000720533 980__ $$aVDB 000720533 980__ $$aI:(DE-82)812310_20140620 000720533 980__ $$aUNRESTRICTED